| 000 | 00501nam a2200181Ia 4500 | ||
|---|---|---|---|
| 008 | 230718s9999 xx 000 0 und d | ||
| 020 | _a9789339219604 | ||
| 041 | _aeng | ||
| 082 |
_a621.319'2 _bSUD |
||
| 100 | _aSudhakar A. | ||
| 245 |
_aCircuits And Networks _bAnalysis And Synthesis |
||
| 250 | _a5th ed. | ||
| 260 |
_c2018 _bMcGraw Hill |
||
| 300 | _a935 | ||
| 365 |
_cRs. _b599.00 |
||
| 700 |
_aSudhakar A. & Palli S.S. _9187891 |
||
| 906 |
_dO:0651616-Aug-2019B:561203-Aug-2019 _cSE _b1174.04 |
||
| 999 |
_c349977 _d349977 |
||